000 00653aas a2200217 4500
999 _c3999
_d3999
003 BR-BrBNA
005 20230317233947.0
007 ta
008 230119b bl ||||| |||| 00| 0 por d
035 _a000485-5
040 _aBR-BrBNA
_bPor
_cBR-BrBNA
042 _a072650-8
044 _abl
245 _aCiência e Cultura. Simpósios (Brazil)
260 _aSão Paulo-SP
_bSociedade Brasileira para o Progresso da Ciência
_c1978. Data final de publicação em 1980
_eBSP
270 _aAv. Pedroso de Moraes, 1512 - Caixa Postal 11008 - 05499-000
310 _airregular
505 _a1978 (1-2); 1980 (3);
909 _a56
_bSergio Santos
_c56
_dSergio Santos
942 _cCR
_2AGRIS